| 000 | 00757nam a2200253 a 4500 | ||
|---|---|---|---|
| 001 | 37010 | ||
| 003 | BD-RjUL | ||
| 005 | 20211209052552.0 | ||
| 008 | 141001s1981 paua b 000 0 eng | ||
| 020 | _a0891680349 | ||
| 035 | _a(BD-RjUL)37112 | ||
| 040 |
_aDLC _cDLC _dDLC _dBD-RjUL _beng |
||
| 041 | _aeng | ||
| 082 | 0 | 0 |
_a631 _219 _bSOL 1981 |
| 245 | 0 | 0 |
_aSolar applications in agriculture / _cRobert N. Brewer ... [et al.]. |
| 260 |
_aPhiladelphia, Pa. : _bFranklin Institute Press, _cc1981. |
||
| 300 |
_a143 p. : _bill. ; _c26 cm. |
||
| 504 | _aIncludes bibliographical references. | ||
| 650 | 0 |
_aSolar energy in agriculture. _9113105 |
|
| 700 | 1 |
_aBrewer, Robert N. _9113106 |
|
| 942 |
_2ddc _cBK |
||
| 999 |
_c37010 _d37010 |
||